Statistiken für Westafrika Karten-Quiz

Klicken Sie hier um das Quiz zu spielen!

Allgemein

  • Dieses Quiz wurde 967 mal gespielt
  • Das Durchschnittsergebnis liegt bei 13 aus 16

Antwortstatistiken

Answer % Korrekt
Mali
93%
Mauretanien
92%
Nigeria
92%
Kap Verde
92%
Niger
90%
Elfenbeinküste
89%
Togo
87%
Burkina Faso
86%
Senegal
86%
Ghana
81%
Gambia
80%
Guinea-Bissau
79%
Sierra Leone
78%
Liberia
76%
Benin
73%
Guinea
73%

Verteilung der Resultate

Perzentil nach korrekt beantworteten Fragen

Anzahl Personen mit jedem Resultat

Ihre Resultats-Entwicklung

Sie haben dieses Quiz noch nicht gespielt